Sports Quiz

Random Sports or Basketball Quiz

NBA 80+ Points in First 5 Games Quiz Stats

 Plays Quiz Updated Jun 1, 2018

Score 0/88 Timer 12:00
3 Plays Today
Season Player % Correct
2003-04LeBron James
92.2%
1984-85Michael Jordan
89.1%
1992-93Shaquille O'Neal
83.2%
1996-97Allen Iverson
77.7%
2007-08Kevin Durant
71.7%
1982-83Dominique Wilkins
68.4%
1979-80Magic Johnson
68.1%
1977-78Marques Johnson
67.4%
1989-90David Robinson
63.7%
1969-70Kareem Abdul-Jabbar
63.5%
2008-09Derrick Rose
62%
1979-80Larry Bird
60.4%
1984-85Hakeem Olajuwon
59.1%
2010-11John Wall
58.5%
1981-82Isiah Thomas
57.5%
1985-86Patrick Ewing
54.9%
2017-18Ben Simmons
54.4%
2010-11Blake Griffin
52.5%
2016-17Joel Embiid
50.9%
2012-13Damian Lillard
48.2%
1974-75Bill Walton
45.7%
1999Paul Pierce
45.5%
1983-84Jeff Malone
45.4%
1999Jason Williams
41.8%
1981-82Buck Williams
41.7%
1992-93Walt Williams
41.7%
1987-88Reggie Williams
41.7%
1988-89Charles Smith
41.4%
1993-94Chris Webber
38.5%
1994-95Grant Hill
37.9%
Season Player % Correct
1978-79Mychal Thompson
37.8%
1977-78Walter Davis
36.9%
1990-91Mahmoud Abdul-Rauf
36.5%
2015-16Jahlil Okafor
35.7%
1997-98Bobby Jackson
35.5%
1994-95Eddie Jones
34.7%
1977-78Bernard King
30.6%
1992-93Alonzo Mourning
30.4%
1964-65Willis Reed
29.4%
2009-10Brandon Jennings
29%
1968-69Elvin Hayes
28.1%
1983-84Ralph Sampson
27.1%
1965-66Rick Barry
27%
1995-96Jerry Stackhouse
23.5%
2004-05Luol Deng
21.9%
1991-92Dikembe Mutombo
21.7%
1976-77Adrian Dantley
19.7%
2008-09Michael Beasley
19.6%
1967-68Earl Monroe
19%
1970-71Dave Cowens
18.7%
1993-94Jamal Mashburn
18%
1981-82Mark Aguirre
17.5%
1995-96Damon Stoudamire
17.3%
2008-09O.J. Mayo
16.8%
1970-71Tiny Archibald
15.5%
1976-77Scott May
15.5%
1986-87Ron Harper
14.4%
1981-82Tom Chambers
13.8%
1970-71Bob Lanier
12.8%
1988-89Willie Anderson
12.7%
Season Player % Correct
1999-00Lamar Odom
12.5%
1997-98Keith Van Horn
10.5%
1982-83Terry Cummings
10%
1975-76Alvan Adams
9.8%
1979-80Bill Cartwright
9.3%
1988-89Hersey Hawkins
8.7%
1978-79Reggie Theus
8.1%
1983-84Mitchell Wiggins
7.6%
1971-72Austin Carr
7.1%
1989-90Sam Mitchell
5.6%
1970-71Geoff Petrie
5.1%
1974-75John Drew
4.9%
1985-86Xavier McDaniel
4.7%
2002-03Dajuan Wagner
4.5%
1971-72Sidney Wicks
4.2%
1982-83Clark Kellogg
3.2%
1976-77Richard Washington
2.3%
1973-74Ernie DiGregorio
1.6%
1998-99Raef LaFrentz
1.6%
1980-81Michael Brooks
1.6%
1982-83Quintin Dailey
1.3%
2008-09Anthony Morrow
1.2%
1990-91Willie Burton
1%
2001-02Speedy Claxton
0.9%
1978-79Ron Brewer
0.8%
1972-73Lloyd Neal
0.8%
1964-65Howard Komives
0.3%
1988-89Derrick Chievous
0.2%

You're not logged in!

Compare scores with friends on all Sporcle quizzes.
OR
Log In

You Might Also Like...

Show Comments

Extras

Top Quizzes Today


Score Distribution

Your Account Isn't Verified!

In order to create a playlist on Sporcle, you need to verify the email address you used during registration. Go to your Sporcle Settings to finish the process.

Report this User

Report this user for behavior that violates our Community Guidelines.

Details: